| 000 | 00688nam a22001937a 4500 | ||
|---|---|---|---|
| 005 | 20251108164952.0 | ||
| 008 | 250721s1992 xx 000 0 ara d | ||
| 082 | 1 | 4 | _a214/محم |
| 100 | 1 | _aالعثيمين، محمد بن صالح | |
| 245 | 1 | 0 |
_aشرح لمعة الإعتقاد الهادي إلى سبيل الرشاد : _bالهادي إلى سبيل الرشاد / |
| 264 | 1 |
_aالرياض : _bدار الوطن للنشر، _c1992. |
|
| 300 | _a112ص | ||
| 490 | 0 | _aرسائل و دراسات في منهج أهل السنه ؛25 | |
| 650 | 1 | 7 | _aالعقيدة الدينية |
| 650 | 1 | 7 | _aالإسلام |
| 650 | 1 | 7 | _aالتوحيد |
| 942 |
_2ddc _cBK |
||
| 999 |
_c18676 _d18676 |
||